000 00428nam a2200169Ia 4500
003 OSt
005 20240409115023.0
008 170619s9999 xx 000 0 und d
020 _a ‎ 978-8170333296
040 _cIIMT ENGINEERING COLLEGE
100 _aPareek- Udai
245 0 _aBehavioral processes in organisation
260 _bOxford Oxford university press
260 _c2003
546 _aENGLISH
942 _2ddc
_c02
999 _c21879
_d21879